Т. 49, № 1; Физика горения и взрыва

Bibliographic Details
Parent link:Физика горения и взрыва/ Российская академия наук (РАН), Сибирское отделение (СО), Институт гидродинамики им. М. А. Лаврентьева (ИГиЛ). Т. 49, № 1.— , 1965-
Language:Russian
Published: 2013
Format: Book
KOHA link:https://koha.lib.tpu.ru/cgi-bin/koha/opac-detail.pl?biblionumber=498795

MARC

LEADER 00000nam2a2200000 4500
001 498795
005 20231101101535.0
035 |a (RuTPU)RU\TPU\prd\168692 
090 |a 498795 
100 |a 20130219a19659999k y0rusy50 ca 
101 0 |a rus 
102 |a RU 
200 0 |a Т. 49, № 1 
210 |d 2013 
461 1 |0 (RuTPU)RU\TPU\prd\402  |t Физика горения и взрыва  |f Российская академия наук (РАН), Сибирское отделение (СО), Институт гидродинамики им. М. А. Лаврентьева (ИГиЛ)  |v Т. 49, № 1  |d 1965- 
801 0 |a RU  |b 63413507  |c 20010227  |g PSBO 
801 1 |a RU  |b 63413507  |c 20130219 
801 2 |a RU  |b 63413507  |c 20230622  |g RCR 
942 |c BK 
999 |a НТБ_ТПУ  |b НФ  |e -1/20130109  |p П-7428  |s 5/20121010  |u 0,00  |v 1